000 00325nam a2200133Ia 4500
008 220216s9999 xx 000 0 und d
100 _aWaastie R L
245 0 _aDiseases of rubber and their control
260 _bPlanter
_c1976
300 _a180-200
650 _aDisease control
650 _aRubber disease
942 _cJS
999 _c57258
_d57258